[Event "AUTO-OPEN-4624"]
[Site "http://www.queenalice.com/game.php?id=1865606"]
[Date "2025.11.15"]
[Round "1"]
[White "IranSilva"]
[Black "maurice916"]
[Result "1-0"]
[WhiteElo "2246"]
[BlackElo "1845"]

1. Nf3 c6 2. g3 g6 3. Bg2 Bg7 4. d4 d5 5. O-O Nf6 6. Bf4 O-O 7. c3 Bf5 8. Nbd2
e6 9. h3 h5 10. Ne5 Nbd7 11. Bg5 Qc7 12. Re1 Nxe5 13. Bf4 Nfd7 14. dxe5 Bxe5 15.
Bxe5 Nxe5 16. e4 dxe4 17. Nxe4 Kg7 18. Qe2 Bxe4 19. Qxe4 Nd7 20. Rad1 Rad8 21.
Qd4+ Nf6 22. Qh4 Rxd1 23. Rxd1 Nh7 24. g4 Qf4 25. Rd4 Qc1+ 26. Kh2 Nf6 27. gxh5
Nxh5 28. Rg4 Qh6 29. Bf3 Nf6 30. Qxh6+ Kxh6 31. Ra4 a6 32. Rb4 Rb8 33. Bxc6 b6
34. Rd4 a5 35. Bf3 g5 36. Rc4 Kg7 37. Rc7 Nd5 38. Bxd5 exd5 39. Rd7 Kg6 40. Rxd5
f6 41. a4 Rb7 42. b4 axb4 43. cxb4 Kf7 44. Rb5 Ke7 45. a5 Kd7 46. Kg3 Kc6 47.
Rf5 bxa5 48. Rxf6+ Kb5 49. bxa5 Kxa5 50. Rf5+ Kb6 51. Rxg5 Kc6 52. f4 Kd6 53.
Re5 Rg7+ 54. Kf3 Rh7 55. Kg4 Rf7 56. h4 Ra7 57. h5 Ra1 58. h6 Rh1 59. Kg5 Rg1+
60. Kf6 Rf1 61. f5 Rg1 62. Re6+ Kd7 63. h7 1-0

[Event "AUTO-OPEN-4624"]
[Site "http://www.queenalice.com/game.php?id=1865607"]
[Date "2025.11.15"]
[Round "1"]
[White "maurice916"]
[Black "IranSilva"]
[Result "1/2-1/2"]
[WhiteElo "1847"]
[BlackElo "2214"]

1. Nf3 Nf6 2. b3 d6 3. Bb2 e5 4. d3 Be7 5. e4 O-O 6. Nbd2 Nc6 7. Be2 Re8 8. O-O
Bf8 9. Re1 h6 10. Bf1 Bg4 11. Be2 a5 12. a3 Nh5 13. g3 Bh3 14. Nh4 Nf6 15. Ng2
d5 16. Bf3 dxe4 17. Nxe4 Nxe4 18. dxe4 Qf6 19. c3 Rad8 20. Qe2 Rd7 21. Ne3 Red8
22. Nd5 Qe6 23. c4 Ne7 24. Bg2 Bxg2 25. Kxg2 c6 26. Nxe7+ Bxe7 27. Qf1 Rd2 28.
Bc1 R2d3 29. Rb1 Qg4 30. f3 Qg6 31. Be3 Bxa3 32. Bb6 Ra8 33. Red1 Rxd1 34. Rxd1
Bb4 35. Rd3 Qe6 36. Qd1 a4 37. Rd8+ Rxd8 38. Qxd8+ Kh7 39. bxa4 Qxc4 40. Qc7 Bc3
41. a5 Qe2+ 42. Kh3 Qxf3 43. Qxb7 Qxe4 44. a6 Qf5+ 45. Kg2 Qe4+ 46. Kh3 Qf5+ 47.
Kg2 1/2-1/2

[Event "AUTO-OPEN-4626"]
[Site "http://www.queenalice.com/game.php?id=1866113"]
[Date "2025.11.24"]
[Round "1"]
[White "ChessColossos"]
[Black "IranSilva"]
[Result "1-0"]
[WhiteElo "1505"]
[BlackElo "2252"]

1. e4 e5 2. Nf3 Nc6 3. d4 exd4 4. Nxd4 Bc5 5. Be3 Qf6 6. c3 Nge7 7. Qd2 Nxd4 8.
Bxd4 Bxd4 9. cxd4 d6 10. Nc3 O-O 11. Be2 Nc6 12. Rd1 Re8 13. O-O Qg6 14. Bf3 Bh3
15. Nd5 Rac8 16. Nf4 Qf6 17. Nxh3 h6 18. Nf4 Kf8 19. Rfe1 Qd8 20. Bg4 Rb8 21. b4
a6 22. Nd5 Kg8 23. a3 Ra8 24. Re3 Na7 25. Nc3 Nc6 26. Rg3 Ne7 27. Bf3 Kh8 28.
Qf4 Rf8 29. Qc1 c6 30. Rh3 Kh7 31. Rd3 Ng8 32. Qb1 Kh8 33. Bd1 Qd7 34. Rdg3 1-0

[Event "AUTO-OPEN-4626"]
[Site "http://www.queenalice.com/game.php?id=1866114"]
[Date "2025.11.24"]
[Round "1"]
[White "IranSilva"]
[Black "ChessColossos"]
[Result "1-0"]
[WhiteElo "2243"]
[BlackElo "1477"]

1. Nf3 d5 2. d4 e6 3. Bf4 Nf6 4. e3 Be7 5. Bd3 O-O 6. Nbd2 c5 7. c3 c4 8. Bc2
Nc6 9. e4 dxe4 10. Nxe4 Nxe4 11. Bxe4 f5 12. Bxc6 bxc6 13. Ne5 Qd5 14. O-O g5
15. Bd2 Bb7 16. Qe2 c5 17. f3 cxd4 18. cxd4 Qxd4+ 19. Kh1 Bd5 20. Bc3 Qb6 21.
Nd7 Qb7 22. Nxf8 Bxf8 23. Qe3 Be7 24. Qe5 1-0